| 000 | 01906nam a22003017a 4500 | ||
|---|---|---|---|
| 005 | 20100803101449.0 | ||
| 010 | _aENG-97808 B-425685-689 | ||
| 020 |
_a8182930669 _c1100.00 |
||
| 020 |
_a9788182930667 _c1100.00 |
||
| 035 | _aEN-81341 B-425685-689 | ||
| 037 | _bDBAD/PUB | ||
| 037 | _bAllied Pub/Ven | ||
| 082 | _a581.634 | ||
| 100 |
_aAnil Kumar _928621 |
||
| 245 |
_aMedicinal plants / _cby Anil Kumar |
||
| 260 |
_aNew Delhi _bInternational Scientific Publishing Academy _c2010 |
||
| 270 |
_a4594/9, Daryaganj _bNew Delhi _e110002 |
||
| 300 |
_aviii, 404p. _c22cm (Hb) |
||
| 500 | _aincludes bibliography and index | ||
| 942 |
_2ddc _cEN _h581.634 _mANI |
||
| 999 |
_c38827 _d38827 |
||